000
00339nam a22001457a 4500
008
231012b ||||| |||| 00| 0 eng d
020
_a
0521338360
041
_a
eng
080
_a
521
082
_a
521VIC
100
_a
19
101
_a
ASTRO
245
_a
OCCULT SCIENTIFIC MENTALITIES IN THE RENAISSANCE
_c
VICKERS.B
942
_2
udc
_c
BK
999
_c
60439
_d
60439